000 00846nam a22002057a 4500
999 _c23
_d23
003 AR-CdUCM
008 190220b ||||| |||| 00| 0 spa d
040 _aMUNICIPALIDAD PROVINCIAL DEL CUSCO
_cBIBLIOTECA MUNICIPAL DEL CUSCO
082 _26ed.
_a371 /
_bM22
100 _aMantovani, Juan
_9125
245 _aEducación y plenitud humana /
260 _aBuenos Aires :
_bEl Ateneo,
_c1960.
300 _a195 páginas ;
_c22 cm.
505 _aEl problema filosófico de la educación -- Elementos integrantes del proceso educativo -- Autoridad y libertad en la educación -- Problema filosófico y problema pedagógico -- La educación frente al problema de la concepción del mundo, la vida y el hombre ...
650 _aCultura
_9126
650 _aAdolescencia
_9127
650 _aEducador
_9128
942 _2ddc
_cLIBROS
945 _aafb
_d2019-02-20